[Event "EU-chT Seniors 04th"]
[Site "Dresden"]
[Date "2002.02.27"]
[Round "3.4"]
[White "Fehres, Werner"]
[Black "Daniel, Wolfgang"]
[Result "0-1"]
[WhiteElo "2104"]
[BlackElo "1871"]
[EventDate "2002.02.25"]
[PlyCount "62"]

1.e4 e5 2.Nf3 Nf6 3.Nc3 Nc6 4.Bc4 Nxe4 5.Bd5 Nf6 6.Bxc6 bxc6 7.Nxe5 Be7 8.
O-O O-O 9.d4 Bb7 10.Bf4 d6 11.Nd3 Qd7 12.Qd2 Rfe8 13.Rad1 h6 14.Qc1 Qg4 
15.f3 Qg6 16.Bg3 Nh5 17.Be1 Ba6 18.f4 f5 19.Ne2 Bf6 20.Rd2 Re4 21.Bf2 Rae8
22.Nc3 Bxd3 23.Rxd3 Rxf4 24.Kh1 Rg4 25.g3 f4 26.Qd1 fxg3 27.Bxg3 Nxg3+ 28.
hxg3 Rxg3 29.Rxg3 Qxg3 30.Ne2 Qh3+ 31.Kg1 Qg4+ 0-1

[Event "EU-chT Seniors 04th"]
[Site "Dresden"]
[Date "2002.02.27"]
[Round "3.4"]
[White "Gafke, Manfred"]
[Black "Zanger, Konrad"]
[Result "0-1"]
[WhiteElo "1723"]
[BlackElo "1695"]
[EventDate "2002.02.25"]
[PlyCount "65"]

1.d4 g6 2.c4 Bg7 3.Nc3 Nf6 4.e4 d6 5.f3 O-O 6.Be3 b6 7.Bd3 Nc6 8.a4 e5 9.
d5 Ne7 10.Nge2 Ne8 11.Qc2 f5 12.exf5 Nxf5 13.Bf2 Bh6 14.O-O Bg5 15.Nd1 
Neg7 16.Ng3 Nxg3 17.Bxg3 Nf5 18.Bf2 Bh6 19.Re1 Qg5 20.Ne3 Nd4 21.h4 Nxf3+ 
22.Kh1 Nxh4 23.Be4 Bf5 24.Nxf5 Nxf5 25.Bf3 Ng3+ 26.Bxg3 Qxg3 27.Qe4 Rf4 
28.Qd3 Raf8 29.Rf1 Rd4 30.Qe2 Rff4 31.c5 Rh4+ 32.Kg1 Qh2+ 33.Kf2 0-1

[Event "EU-chT Seniors 04th"]
[Site "Dresden"]
[Date "2002.02.27"]
[Round "3.4"]
[White "Hampel, Johannes"]
[Black "Titz, Herbert"]
[Result "1/2-1/2"]
[WhiteElo "2011"]
[BlackElo "2123"]
[EventDate "2002.02.25"]
[PlyCount "54"]

1.d4 Nf6 2.c4 c5 3.d5 b5 4.cxb5 a6 5.bxa6 Bxa6 6.Nc3 g6 7.e4 Bxf1 8.Kxf1 
d6 9.Nf3 Bg7 10.g3 O-O 11.Kg2 Qa5 12.Re1 Nbd7 13.Bg5 h6 14.Bf4 Rfb8 15.Qc1
Ng4 16.Re2 Kh7 17.h3 Nge5 18.Nxe5 Nxe5 19.Bxe5 Bxe5 20.f4 Bd4 21.e5 Qb4 
22.Qe1 Qc4 23.exd6 exd6 24.Rd1 Rb7 25.f5 g5 26.Rc2 Be5 27.b3 Bxc3 1/2-1/2

[Event "EU-chT Seniors 04th"]
[Site "Dresden"]
[Date "2002.02.27"]
[Round "3.4"]
[White "Langenfeld, Heinz"]
[Black "Gruenig, Siegfried"]
[Result "1-0"]
[WhiteElo "1909"]
[BlackElo "1792"]
[EventDate "2002.02.25"]
[PlyCount "81"]

1.e4 c5 2.Nc3 e6 3.Nf3 a6 4.d4 cxd4 5.Nxd4 Qc7 6.g3 Bb4 7.Bd2 Ne7 8.Bg2 
O-O 9.O-O Nbc6 10.Nce2 Bxd2 11.Qxd2 d5 12.exd5 Nxd5 13.c4 Nf6 14.Nxc6 bxc6
15.Rfd1 e5 16.Qd6 Ra7 17.Qxc7 Rxc7 18.Rd6 Be6 19.b3 Rfc8 20.Nc3 Ne8 21.Rd2
Rd7 22.Rad1 Rxd2 23.Rxd2 Rc7 24.Ne4 Kf8 25.Nc5 Bc8 26.Kf1 Ke7 27.Ke1 Nf6 
28.h3 Nd7 29.Ne4 Nf8 30.Nd6 g6 31.c5 Ne6 32.b4 Nd4 33.f4 f6 34.fxe5 fxe5 
35.g4 Be6 36.Rf2 Rd7 37.Bf1 Bd5 38.Bxa6 Ke6 39.Bc8 Ke7 40.Bxd7 Kxd7 41.a4 
1-0

[Event "EU-chT Seniors 04th"]
[Site "Dresden"]
[Date "2002.02.27"]
[Round "3.4"]
[White "Mauersberger, Hermann"]
[Black "MacDonald Ross, Michael"]
[Result "0-1"]
[WhiteElo "2010"]
[BlackElo "2170"]
[EventDate "2002.02.25"]
[PlyCount "114"]

1.b4 d5 2.Bb2 Nf6 3.e3 c6 4.Nf3 Bg4 5.Be2 e6 6.a3 Nbd7 7.Ne5 Bxe2 8.Qxe2 
Nxe5 9.Bxe5 Be7 10.O-O O-O 11.d3 Nd7 12.Bb2 Bf6 13.c4 Bxb2 14.Qxb2 Qf6 15.
Qxf6 Nxf6 16.Nc3 Rfd8 17.cxd5 Nxd5 18.Nxd5 Rxd5 19.d4 a5 20.Rfb1 Rb5 21.
Kf1 Kf8 22.Ke2 axb4 23.a4 Rb6 24.Kd3 Ke7 25.Kc4 Rba6 26.Kxb4 Kd6 27.Rb3 
Ra5 28.Rba3 R8a7 29.R1a2 Rh5 30.h3 Rg5 31.f3 Rga5 32.Ra1 Kd5 33.e4+ Kxd4 
34.Rd1+ Ke5 35.Rd7 b6 36.Rxa7 Rxa7 37.g3 Rd7 38.a5 bxa5+ 39.Rxa5+ Kd4 40.
Kb3 c5 41.Kc2 c4 42.Ra1 Rb7 43.Rd1+ Ke3 44.Kc3 Kxf3 45.e5 Ke4 46.Rd4+ Kxe5
47.Rxc4 Rd7 48.Rf4 f5 49.h4 g6 50.Ra4 h6 51.Ra8 Kf6 52.Rh8 Kg7 53.Re8 Rd6 
54.Re7+ Kf6 55.Rh7 h5 56.Ra7 e5 57.Ra4 e4 0-1

[Event "EU-chT Seniors 04th"]
[Site "Dresden"]
[Date "2002.02.27"]
[Round "3.4"]
[White "Nowarra, Waltraud"]
[Black "Kneschke, Hansjuergen"]
[Result "1/2-1/2"]
[WhiteElo "2215"]
[BlackElo "1960"]
[EventDate "2002.02.25"]
[PlyCount "38"]

1.e4 e6 2.d4 d5 3.e5 c5 4.c3 Nc6 5.Nf3 Qb6 6.a3 cxd4 7.cxd4 Bd7 8.Nc3 a6 
9.Na4 Qa7 10.b4 Rc8 11.Be2 Nb8 12.O-O Bb5 13.Be3 Bxe2 14.Qxe2 b5 15.Nc5 
Bxc5 16.dxc5 Qd7 17.Nd4 Ne7 18.f4 g6 19.Rad1 Nbc6 1/2-1/2

[Event "EU-chT Seniors 04th"]
[Site "Dresden"]
[Date "2002.02.27"]
[Round "3.4"]
[White "Ofstad, Per"]
[Black "Lieb, Harald"]
[Result "1/2-1/2"]
[WhiteElo "2196"]
[BlackElo "2300"]
[EventDate "2002.02.25"]
[PlyCount "43"]

1.e4 e6 2.d4 d5 3.Nd2 Nf6 4.e5 Nfd7 5.Bd3 c5 6.c3 Nc6 7.Ne2 Qb6 8.Nf3 cxd4
9.cxd4 f6 10.exf6 Nxf6 11.O-O Bd6 12.Nc3 O-O 13.Re1 Bd7 14.a3 Rae8 15.Be3 
a6 16.b4 Qc7 17.Rc1 Qb8 18.h3 e5 19.dxe5 Nxe5 20.Nxe5 Rxe5 21.Bd4 Rxe1+ 
22.Qxe1 1/2-1/2

[Event "EU-chT Seniors 04th"]
[Site "Dresden"]
[Date "2002.02.27"]
[Round "3.4"]
[White "Prelovskij, Rudolf"]
[Black "Winiwarter, Felix"]
[Result "0-1"]
[WhiteElo "2208"]
[BlackElo "2188"]
[EventDate "2002.02.25"]
[PlyCount "72"]

1.c4 g6 2.d4 Nf6 3.Nc3 Bg7 4.e4 d6 5.Nge2 O-O 6.Ng3 e5 7.d5 a5 8.h4 Na6 9.
h5 Nc5 10.Be2 c6 11.Be3 cxd5 12.cxd5 a4 13.Rc1 Qa5 14.f3 Bd7 15.Qd2 b5 16.
Kf2 b4 17.Nb1 Rfc8 18.Rc4 Bb5 19.Rxb4 Bxe2 20.Kxe2 Nfd7 21.Na3 Qa6+ 22.Nc4
Nxe4 23.Nxe4 Rxc4 24.Kf2 f5 25.Rxc4 Qxc4 26.Rc1 Qxa2 27.Rc7 fxe4 28.Rxd7 
Rb8 29.b4 axb3 30.Qxa2 bxa2 31.Ra7 Rb2+ 32.Kg3 exf3 33.h6 Bxh6 34.Bxh6 
fxg2 35.Be3 Rb3 36.Kxg2 Rxe3 0-1

[Event "EU-chT Seniors 04th"]
[Site "Dresden"]
[Date "2002.02.27"]
[Round "3.4"]
[White "Tochtermann, Georg"]
[Black "Barnstedt, Dietrich"]
[Result "0-1"]
[WhiteElo "1875"]
[BlackElo "2085"]
[EventDate "2002.02.25"]
[PlyCount "78"]

1.e4 e5 2.Nf3 d5 3.Qe2 Bd6 4.d3 Bg4 5.h3 Bh5 6.g4 Bg6 7.exd5 Nd7 8.Bg2 Ne7
9.Nc3 O-O 10.Bg5 f6 11.Bd2 Bf7 12.O-O Nxd5 13.Nxd5 Bxd5 14.Nh4 Bxg2 15.
Kxg2 g6 16.Nf3 c5 17.Qe4 Qc7 18.h4 Nb6 19.Ba5 f5 20.gxf5 Rxf5 21.Bd2 Raf8 
22.Ng5 Qd7 23.Qe2 h6 24.Ne4 Rf3 25.Rh1 Qg4+ 26.Kf1 Kh7 27.c4 Be7 28.Be3 
Nd7 29.Ke1 Qe6 30.Qd2 Nf6 31.b3 Nxe4 32.dxe4 Rd8 33.Qc2 Qg4 34.h5 Rxe3+ 
35.fxe3 Bh4+ 36.Rxh4 Qg1+ 37.Ke2 Qg2+ 38.Ke1 Qxc2 39.hxg6+ Kg7 0-1

[Event "EU-chT Seniors 04th"]
[Site "Dresden"]
[Date "2002.02.27"]
[Round "4.1"]
[White "Boehnisch, Manfred"]
[Black "Denda, Ronald"]
[Result "1-0"]
[WhiteElo "2354"]
[BlackElo "1976"]
[EventDate "2002.02.25"]
[PlyCount "51"]

1.e4 e5 2.Nf3 Nc6 3.Nc3 d6 4.d4 exd4 5.Nxd4 Bd7 6.Bb5 Nxd4 7.Bxd7+ Qxd7 8.
Qxd4 Ne7 9.Nd5 Nxd5 10.exd5 c5 11.dxc6 bxc6 12.O-O f6 13.Bf4 Kf7 14.Rad1 
Rd8 15.Rd3 c5 16.Qd5+ Qe6 17.Rfd1 c4 18.Rc3 g5 19.Qa5 Be7 20.Re3 Qd7 21.
Qd5+ Kg7 22.Bg3 h5 23.h4 Rhe8 24.hxg5 fxg5 25.Re6 h4 26.Be5+ 1-0

[Event "EU-chT Seniors 04th"]
[Site "Dresden"]
[Date "2002.02.27"]
[Round "4.1"]
[White "Eiselt, Peter"]
[Black "Stavenhagen, Johannes"]
[Result "1/2-1/2"]
[WhiteElo "1832"]
[BlackElo "1849"]
[EventDate "2002.02.25"]
[PlyCount "70"]

1.c4 f5 2.g3 Nf6 3.Bg2 c5 4.Nf3 Nc6 5.d4 cxd4 6.Nxd4 e6 7.Nc3 a6 8.O-O Be7
9.e4 fxe4 10.Nxe4 O-O 11.Nxc6 bxc6 12.Bf4 d5 13.Ng5 Bc5 14.Qc2 Bd6 15.Bxd6
Qxd6 16.Rac1 Rb8 17.b3 e5 18.cxd5 cxd5 19.Rfd1 g6 20.Qc5 Qxc5 21.Rxc5 h6 
22.Nf3 Bg4 23.Rdc1 Ne4 24.Nxe5 Nxc5 25.Bxd5+ Kg7 26.Nxg4 Rbc8 27.Bc4 a5 
28.f4 Rfd8 29.Re1 Rc7 30.Re2 Rd1+ 31.Kf2 Rcd7 32.Re8 Nd3+ 33.Kg2 Rd2+ 34.
Kg1 Rd1+ 35.Kg2 Rd2+ 1/2-1/2

[Event "EU-chT Seniors 04th"]
[Site "Dresden"]
[Date "2002.02.27"]
[Round "4.1"]
[White "Hecht, Hans Joachim"]
[Black "Uhlmann, Wolfgang"]
[Result "1/2-1/2"]
[WhiteElo "2411"]
[BlackElo "2458"]
[EventDate "2002.02.25"]
[PlyCount "55"]

1.d4 Nf6 2.c4 g6 3.Nc3 Bg7 4.e4 d6 5.Nf3 O-O 6.Be2 e5 7.O-O Nc6 8.d5 Ne7 
9.Ne1 Nd7 10.Nd3 f5 11.Bd2 Nf6 12.f3 f4 13.b4 h5 14.Rc1 g5 15.Nf2 Ng6 16.
c5 Rf7 17.cxd6 cxd6 18.a4 Bf8 19.a5 Rg7 20.Nb5 g4 21.fxg4 hxg4 22.g3 Nh4 
23.Rc3 fxg3 24.hxg3 a6 25.Na3 Nf3+ 26.Bxf3 gxf3 27.Rxf3 Bd7 28.Nc4 1/2-1/2

[Event "EU-chT Seniors 04th"]
[Site "Dresden"]
[Date "2002.02.27"]
[Round "4.1"]
[White "Johannessen, Svein"]
[Black "Rosen, Willy"]
[Result "1-0"]
[WhiteElo "2279"]
[BlackElo "2345"]
[EventDate "2002.02.25"]
[PlyCount "59"]

1.e4 c5 2.Nc3 Nc6 3.Bb5 g6 4.Nge2 Bg7 5.d3 Nd4 6.Bc4 d6 7.Nxd4 cxd4 8.Ne2 
e6 9.O-O Ne7 10.Bg5 h6 11.Bh4 O-O 12.f4 f5 13.exf5 gxf5 14.Ng3 Bf6 15.Bxf6
Rxf6 16.Qf3 Rb8 17.Rae1 b5 18.Bb3 Bd7 19.Qf2 Nc6 20.Re2 Qe8 21.Bd5 Kh7 22.
Rfe1 Qe7 23.Qf3 Nd8 24.Qf2 Qf8 25.Nh5 Rg6 26.Qxd4 Rb6 27.Qc3 Bc6 28.Bxe6 
Nxe6 29.Rxe6 Rxg2+ 30.Kf1 1-0

[Event "EU-chT Seniors 04th"]
[Site "Dresden"]
[Date "2002.02.27"]
[Round "4.1"]
[White "Kahn, Manfred"]
[Black "Ehlert, Joachim"]
[Result "1-0"]
[WhiteElo "2171"]
[BlackElo "1756"]
[EventDate "2002.02.25"]
[PlyCount "59"]

1.c4 Nf6 2.d4 g6 3.Nc3 Bg7 4.Bg5 O-O 5.e3 c6 6.Bd3 Na6 7.Nge2 Nc7 8.e4 d6 
9.f4 Ne6 10.Qd2 Nd7 11.Bc2 a6 12.Bh4 c5 13.dxc5 Nexc5 14.O-O Nb6 15.b3 Bd7
16.Rad1 Bg4 17.Nd5 Nxd5 18.exd5 Bf6 19.Bxf6 exf6 20.Rde1 Bxe2 21.Rxe2 f5 
22.Rfe1 a5 23.h3 Qd7 24.g4 fxg4 25.Re7 Qc8 26.f5 gxh3 27.Kh1 Nd7 28.Qh6 
Nf6 29.fxg6 Qg4 30.gxh7+ 1-0

[Event "EU-chT Seniors 04th"]
[Site "Dresden"]
[Date "2002.02.27"]
[Round "4.1"]
[White "Littlewood, John Eric"]
[Black "Just, Joachim"]
[Result "1-0"]
[WhiteElo "2305"]
[BlackElo "2198"]
[EventDate "2002.02.25"]
[PlyCount "71"]

1.f4 d5 2.Nf3 g6 3.g3 Bg7 4.Bg2 c6 5.d3 Qb6 6.Nc3 Nd7 7.e3 h5 8.O-O Nh6 9.
Kh1 Nf6 10.e4 Bg4 11.Qe1 Bxf3 12.Bxf3 d4 13.Nd1 a5 14.h3 e6 15.Kg2 Bf8 16.
Nf2 Bc5 17.g4 hxg4 18.hxg4 Nhg8 19.Rh1 Rxh1 20.Qxh1 O-O-O 21.g5 Ne8 22.Qh7
Nd6 23.f5 e5 24.fxg6 fxg6 25.Qxg6 Kb8 26.Ng4 Ne7 27.Qe6 Nec8 28.Nxe5 Qb4 
29.Qb3 Qe1 30.Nxc6+ Kc7 31.Nxd8 Kxd8 32.g6 Ne7 33.g7 Qh4 34.g8=Q+ Nxg8 35.
Qxg8+ Kc7 36.Bg5 1-0

[Event "EU-chT Seniors 04th"]
[Site "Dresden"]
[Date "2002.02.27"]
[Round "4.1"]
[White "Neukirch, Detlef"]
[Black "Biebinger, Gerhard"]
[Result "1/2-1/2"]
[WhiteElo "2295"]
[BlackElo "2383"]
[EventDate "2002.02.25"]
[PlyCount "49"]

1.e4 e6 2.d4 d5 3.e5 c5 4.c3 Nc6 5.Nf3 Bd7 6.Be2 Nge7 7.O-O cxd4 8.cxd4 
Nc8 9.Nc3 Be7 10.Be3 $146 a5 11.Rc1 N8a7 12.Ne1 g6 13.f4 h5 14.g3 Qb8 15.
h3 b6 16.Bf3 Bd8 17.g4 hxg4 18.hxg4 Ne7 19.Rf2 Bc6 20.Rcc2 Kd7 21.Rh2 Bc7 
22.Rxh8 Qxh8 23.Rh2 Qg7 24.a4 Rh8 25.Qd2 1/2-1/2

[Event "EU-chT Seniors 04th"]
[Site "Dresden"]
[Date "2002.02.27"]
[Round "4.1"]
[White "Toothill, John"]
[Black "Eskandary, Jahja"]
[Result "1/2-1/2"]
[WhiteElo "2192"]
[BlackElo "2127"]
[EventDate "2002.02.25"]
[PlyCount "47"]

1.e4 e5 2.Nf3 Nc6 3.Bb5 a6 4.Ba4 d6 5.c4 Bg4 6.h3 Bd7 7.Nc3 Nge7 8.O-O Ng6
9.d4 Be7 10.d5 Nb8 11.Bc2 h6 12.Ne2 Bg5 13.Be3 a5 14.Qd2 Bxe3 15.Qxe3 Na6 
16.b3 O-O 17.Nh2 Qh4 18.f4 exf4 19.Nxf4 Ne5 20.Nf3 Qe7 21.Rae1 a4 22.Nxe5 
dxe5 23.Nd3 Nb4 24.Nxb4 1/2-1/2

[Event "EU-chT Seniors 04th"]
[Site "Dresden"]
[Date "2002.02.27"]
[Round "4.1"]
[White "Turikov, Viktor"]
[Black "Wunderer, Eckart"]
[Result "1/2-1/2"]
[WhiteElo "2351"]
[BlackElo "2190"]
[EventDate "2002.02.25"]
[PlyCount "108"]

1.d4 d6 2.Nf3 Nf6 3.c4 g6 4.Nc3 Bg7 5.e4 Nbd7 6.e5 dxe5 7.dxe5 Ng4 8.e6 
fxe6 9.Ng5 Nde5 10.Qxd8+ Kxd8 11.h3 h6 12.Nge4 Nf6 13.Be3 Nxe4 14.Nxe4 c6 
15.O-O-O+ Kc7 16.f4 Nf7 17.Bd3 b6 18.Nd2 g5 19.Nf3 gxf4 20.Bxf4+ Kb7 21.
Rhe1 Nd6 22.Be5 Bf6 23.Nd4 Rg8 24.g4 Bg5+ 25.Kb1 Bd7 26.Bxd6 exd6 27.Nxe6 
Bh4 28.Re2 Rae8 29.Bf5 Bg3 30.Rd3 Bxe6 31.Bxe6 Bf4 32.Rd4 Rgf8 33.Rde4 Be5
34.Bf5 Kc7 35.b4 c5 36.b5 Kd8 37.Kc2 Bd4 38.Rxe8+ Rxe8 39.Rxe8+ Kxe8 40.
Kd3 d5 41.cxd5 Ke7 42.Ke4 Kd6 43.Be6 Be5 44.Kd3 Bg3 45.Ke4 Be5 46.h4 Bf6 
47.h5 Bg5 48.Kd3 Ke5 49.Kc4 Bf4 50.Bf5 Bg5 51.Bd3 Kd6 52.Be2 Bf4 53.Bf3 
Bg5 54.Kd3 Ke5 1/2-1/2

[Event "EU-chT Seniors 04th"]
[Site "Dresden"]
[Date "2002.02.27"]
[Round "4.1"]
[White "Vasiukov, Evgeni"]
[Black "Delander, Adolf"]
[Result "1-0"]
[WhiteElo "2524"]
[BlackElo "2252"]
[EventDate "2002.02.25"]
[PlyCount "89"]

1.e4 c6 2.d4 d5 3.Nd2 dxe4 4.Nxe4 Nf6 5.Nxf6+ exf6 6.Be2 Bd6 7.Nf3 O-O 8.
O-O Re8 9.Re1 Nd7 10.Bd3 Rxe1+ 11.Qxe1 Nf8 12.h3 Bd7 13.c4 Qc7 14.c5 Bf4 
15.Bxf4 Qxf4 16.Qe3 Qc7 17.Re1 Re8 18.Qd2 Rxe1+ 19.Nxe1 Be6 20.a3 Bd5 21.
Nc2 g6 22.Ne3 Be6 23.Nc4 Bd5 24.Nd6 Ne6 25.Qe3 Qd7 26.b4 a6 27.f4 Ng7 28.
g4 h6 29.Kf2 Kf8 30.f5 g5 31.Be4 Bxe4 32.Qxe4 h5 33.d5 hxg4 34.hxg4 Qe7 
35.Qxe7+ Kxe7 36.Nxb7 cxd5 37.Na5 Kd7 38.Nb3 Ne8 39.Ke3 Nc7 40.a4 Kc6 41.
Kd3 Kd7 42.Nd4 Na8 43.Kc3 Nc7 44.b5 axb5 45.axb5 1-0

[Event "EU-chT Seniors 04th"]
[Site "Dresden"]
[Date "2002.02.27"]
[Round "4.1"]
[White "Weber, Bernd"]
[Black "Lippitsch, Paul"]
[Result "1-0"]
[WhiteElo "2119"]
[BlackElo "1971"]
[EventDate "2002.02.25"]
[PlyCount "73"]

1.d4 Nf6 2.Nf3 e6 3.c4 b6 4.g3 Bb7 5.Bg2 Be7 6.O-O O-O 7.b3 d5 8.cxd5 Bxd5
9.Nc3 Bb7 10.Bb2 Nbd7 11.Qc2 c5 12.Rfd1 Rc8 13.e4 cxd4 14.Nxd4 Qc7 15.Qe2 
Rfd8 16.Rac1 Qb8 17.a3 Bc5 18.b4 Bxd4 19.Rxd4 Ne5 20.Rcd1 Rxd4 21.Rxd4 Rd8
22.Rxd8+ Qxd8 23.Nb5 Nc6 24.e5 Nd5 25.Nd6 Ba8 26.Qg4 Nce7 27.h4 Nc7 28.h5 
Bxg2 29.Kxg2 Qd7 30.h6 g6 31.Qg5 Ned5 32.Ne4 Ne8 33.Qc1 Qc7 34.Qd2 Qc6 35.
Kh2 Ne7 36.Qd8 Nd5 37.b5 1-0

[Event "EU-chT Seniors 04th"]
[Site "Dresden"]
[Date "2002.02.27"]
[Round "4.2"]
[White "Baumbach, Friedrich"]
[Black "Chernikov, Oleg L"]
[Result "1/2-1/2"]
[WhiteElo "2323"]
[BlackElo "2460"]
[EventDate "2002.02.25"]
[PlyCount "110"]

1.d4 d5 2.c4 c6 3.Nf3 Nf6 4.Nc3 e6 5.e3 Nbd7 6.Qc2 Bd6 7.Bd3 O-O 8.O-O 
dxc4 9.Bxc4 e5 10.Rd1 Qe7 11.h3 e4 12.Ng5 Nb6 13.Bb3 Bf5 14.f3 Bg6 15.
Ngxe4 Nxe4 16.Nxe4 Rae8 17.Qf2 Bxe4 18.fxe4 Qxe4 19.Rf1 Nd5 20.Bc2 Bg3 21.
Qe2 Qxd4 22.Bxh7+ Kh8 23.Bc2 Qh4 24.Rf3 Be5 25.Bd2 g6 26.Raf1 Kg7 27.Qd3 
f5 28.b3 Rd8 29.Qe2 Nf6 30.Be1 Qh6 31.Qc4 Rfe8 32.Qh4 Qxh4 33.Bxh4 Rd2 34.
R3f2 Bc3 35.Bxf6+ Kxf6 36.g4 Rxe3 37.Rxd2 Bxd2 38.gxf5 g5 39.Rd1 Re2 40.
Kf1 Rh2 41.Be4 Bf4 42.Bg2 Kxf5 43.Rd7 Be3 44.Rf7+ Kg6 45.Rxb7 g4 46.hxg4 
Kg5 47.Re7 Bb6 48.Re4 Kh4 49.Rc4 Kg3 50.Rc3+ Kxg4 51.Rxc6 Kg3 52.a4 Rh4 
53.Rg6+ Rg4 54.Rxg4+ Kxg4 55.b4 a5 1/2-1/2

[Event "EU-chT Seniors 04th"]
[Site "Dresden"]
[Date "2002.02.27"]
[Round "4.2"]
[White "Baumgartner, Heinz"]
[Black "Opl, Klaus"]
[Result "1/2-1/2"]
[WhiteElo "2337"]
[BlackElo "2263"]
[EventDate "2002.02.25"]
[PlyCount "69"]

1.Nf3 Nf6 2.g3 d5 3.Bg2 c6 4.O-O Bg4 5.Ne5 Bh5 6.d4 Nbd7 7.c4 e6 8.Nc3 
Nxe5 9.dxe5 Nd7 10.cxd5 cxd5 11.Qb3 Nc5 12.Qb5+ Qd7 13.b4 Na6 14.Qxd7+ 
Kxd7 15.a3 Be7 16.Bb2 f6 17.Bh3 f5 18.f3 Nc7 19.Rac1 Bg5 20.f4 Be7 21.e3 
b5 22.Rf2 a5 23.Bf1 Rhb8 24.Na2 Na6 25.bxa5 Bc5 26.Bd4 Bxa3 27.Rb1 Nc5 28.
Rc2 Rxa5 29.Bxc5 Bxc5 30.Rxc5 Rxa2 31.Bxb5+ Kd8 32.Rbc1 Ra5 33.Bf1 Rxc5 
34.Rxc5 Rb1 35.Kf2 1/2-1/2

[Event "EU-chT Seniors 04th"]
[Site "Dresden"]
[Date "2002.02.27"]
[Round "4.2"]
[White "Fischer, Ernst"]
[Black "Vager, Boris"]
[Result "1/2-1/2"]
[WhiteElo "2155"]
[BlackElo "2309"]
[EventDate "2002.02.25"]
[PlyCount "59"]

1.d4 e6 2.Nf3 f5 3.Bg5 Be7 4.Bxe7 Qxe7 5.Nbd2 Nf6 6.e3 O-O 7.Bd3 d6 8.Qe2 
Nc6 9.c3 e5 10.dxe5 dxe5 11.e4 f4 12.h3 Kh8 13.b4 a6 14.a4 Bd7 15.O-O Be8 
16.b5 axb5 17.axb5 Rxa1 18.Rxa1 Nd8 19.Bc4 Bh5 20.Qd3 Nf7 21.Qc2 Nd6 22.
Be2 Bxf3 23.gxf3 Qd7 24.c4 Qxh3 25.c5 Nc8 26.Qb2 Nd7 27.Bf1 Qe6 28.Qc3 Ne7
29.Ra7 Rb8 30.c6 1/2-1/2

[Event "EU-chT Seniors 04th"]
[Site "Dresden"]
[Date "2002.02.27"]
[Round "4.2"]
[White "Koksch, Guenther"]
[Black "Farrand, Julian"]
[Result "1/2-1/2"]
[WhiteElo "2168"]
[BlackElo "2096"]
[EventDate "2002.02.25"]
[PlyCount "50"]

1.d4 d6 2.e4 Nf6 3.Nc3 c6 4.Be2 Nbd7 5.Nf3 e5 6.O-O Be7 7.h3 h6 8.Be3 Qc7 
9.a4 a5 10.Nh2 g5 11.Qd2 Nf8 12.Rfd1 Ng6 13.d5 Nf4 14.Bf1 Bd7 15.f3 h5 16.
Qf2 h4 17.Ng4 N6h5 18.Rac1 Ng3 19.b3 Kf8 20.Rd2 Kg7 21.Rcd1 Bxg4 22.Bxf4 
gxf4 23.fxg4 c5 24.Bc4 Qd8 25.Re1 Bg5 1/2-1/2

[Event "EU-chT Seniors 04th"]
[Site "Dresden"]
[Date "2002.02.27"]
[Round "4.2"]
[White "Mueller, Siegmar"]
[Black "Andrich, Hans Ludwig"]
[Result "1-0"]
[WhiteElo "1827"]
[BlackElo "1692"]
[EventDate "2002.02.25"]
[PlyCount "69"]

1.Nc3 Nf6 2.Nf3 g6 3.e4 d6 4.d4 Bg7 5.Bf4 c5 6.dxc5 Qa5 7.Bb5+ Bd7 8.Qe2 
dxc5 9.O-O O-O 10.e5 Bxb5 11.Qxb5 Qxb5 12.Nxb5 Nd5 13.Bg3 Nc6 14.c4 Nb6 
15.b3 Nd7 16.Rfe1 a6 17.Nc7 Rac8 18.e6 fxe6 19.Rad1 Nd4 20.Nxd4 cxd4 21.
Nxe6 Rfe8 22.Nxg7 Kxg7 23.Rxd4 Nf8 24.Rde4 Kf7 25.f3 e6 26.Bd6 Rc6 27.Ba3 
Rd8 28.Rf4+ Kg8 29.Rf6 Kg7 30.Rf4 g5 31.Rfe4 Kf7 32.f4 h6 33.fxg5 hxg5 34.
Rf1+ Kg7 35.Be7 1-0

[Event "EU-chT Seniors 04th"]
[Site "Dresden"]
[Date "2002.02.27"]
[Round "4.2"]
[White "Nautsch, Werner"]
[Black "Hoen, Ragnar Harald"]
[Result "1-0"]
[WhiteElo "2264"]
[BlackElo "2311"]
[EventDate "2002.02.25"]
[PlyCount "99"]

1.f4 d5 2.Nf3 Nf6 3.b3 g6 4.Bb2 Bg7 5.e3 O-O 6.Be2 c5 7.O-O Nc6 8.Ne5 Qc7 
9.Bf3 Be6 10.Nxc6 Qxc6 11.d3 Rad8 12.Nd2 Ne8 13.Bxg7 Nxg7 14.Qe2 Qc7 15.g3
Bc8 16.e4 dxe4 17.Nxe4 Nf5 18.Qf2 Nd4 19.Bg2 f5 20.Nc3 e5 21.Nd5 Qd6 22.
fxe5 Qxe5 23.Rae1 Qd6 24.Ne7+ Kg7 25.Nxc8 Rxc8 26.Bxb7 Rce8 27.Bf3 h5 28.
Bd1 Rxe1 29.Qxe1 f4 30.gxf4 Rxf4 31.Qg3 Rxf1+ 32.Kxf1 Qf6+ 33.Ke1 h4 34.
Qe3 Qd6 35.Qf2 Qe5+ 36.Kf1 Nf5 37.Qd2 Ne3+ 38.Kg1 Qg5+ 39.Kf2 Nxd1+ 40.
Qxd1 Qf4+ 41.Kg2 Qe3 42.Qf3 Qd2+ 43.Qf2 Qg5+ 44.Kh3 Qh5 45.Qxh4 Qe2 46.Kg3
Qxc2 47.Qc4 Qxa2 48.Qxc5 Qxb3 49.Qxa7+ Kf6 50.Qd4+ 1-0

[Event "EU-chT Seniors 04th"]
[Site "Dresden"]
[Date "2002.02.27"]
[Round "4.2"]
[White "Pietruske, Siegfried"]
[Black "Starke, Burkhard"]
[Result "1/2-1/2"]
[WhiteElo "1949"]
[BlackElo "2052"]
[EventDate "2002.02.25"]
[PlyCount "62"]

1.e4 c6 2.d4 d5 3.Nc3 dxe4 4.Nxe4 Nf6 5.Ng3 Qb6 6.Nf3 Bg4 7.c3 h5 8.h3 
Bxf3 9.Qxf3 Nbd7 10.Bd3 e6 11.Qe2 O-O-O 12.Bg5 Bd6 13.Ne4 Bc7 14.O-O-O 
Rde8 15.Kb1 Nd5 16.c4 Nb4 17.a3 Nxd3 18.Qxd3 Qa5 19.Bd2 Qf5 20.Bb4 g6 21.
Bd6 Nf6 22.Nxf6 Qxf6 23.Bxc7 Kxc7 24.Qg3+ Kc8 25.Rhe1 Rd8 26.Qe3 Qf5+ 27.
Ka1 Rd7 28.d5 exd5 29.Qxa7 Rhd8 30.Qa8+ Kc7 31.Qa5+ Kc8 1/2-1/2

[Event "EU-chT Seniors 04th"]
[Site "Dresden"]
[Date "2002.02.27"]
[Round "4.2"]
[White "Schwertel, Hans"]
[Black "Starck, Bodo"]
[Result "1-0"]
[WhiteElo "2073"]
[BlackElo "2261"]
[EventDate "2002.02.25"]
[PlyCount "77"]

1.d4 Nf6 2.Nf3 d5 3.c3 Bf5 4.Bf4 e6 5.Nbd2 h6 6.Qb3 Qc8 7.e3 Nbd7 8.Ne5 
Nxe5 9.Bxe5 Be7 10.Be2 O-O 11.O-O Nd7 12.Bg3 c5 13.Nf3 a6 14.Qd1 b5 15.Bd3
Bxd3 16.Qxd3 c4 17.Qe2 Qb7 18.a3 a5 19.Nd2 Rfc8 20.e4 Bf8 21.f4 dxe4 22.
Nxe4 Qd5 23.Be1 b4 24.axb4 axb4 25.Bd2 b3 26.Rad1 Ra6 27.Bc1 g6 28.Nd2 Ra5
29.Ne4 Bg7 30.h3 f5 31.Nd2 Rc6 32.g4 Kh7 33.g5 h5 34.h4 Kg8 35.Nf3 Ra7 36.
Rfe1 Kh7 37.Qf1 Rd6 38.Rd2 Raa6 39.Rde2 1-0

[Event "EU-chT Seniors 04th"]
[Site "Dresden"]
[Date "2002.02.27"]
[Round "4.2"]
[White "Villing, Dieter"]
[Black "Duemmke, Juergen"]
[Result "1/2-1/2"]
[WhiteElo "2231"]
[BlackElo "2209"]
[EventDate "2002.02.25"]
[PlyCount "87"]

1.e4 d5 2.exd5 Nf6 3.d4 Nxd5 4.c4 Nb6 5.Nf3 g6 6.Nc3 Bg7 7.Be3 O-O 8.h3 
Nc6 9.Qd2 e5 10.d5 Ne7 11.g4 f5 12.O-O-O Bd7 13.b3 fxg4 14.Ng5 g3 15.h4 
Nf5 16.Bc5 Re8 17.Nce4 h6 18.fxg3 Nd4 19.Bg2 Bf5 20.Rdf1 Nd7 21.Ba3 hxg5 
22.hxg5 Bf8 23.Bxf8 Rxf8 24.Kb2 Qe7 25.Rh6 Kg7 26.Rfh1 Rh8 27.Qd1 Raf8 28.
R1h2 Rxh6 29.Rxh6 Rh8 30.Qh1 Qf8 31.Nf6 Rxh6 32.Qxh6+ Kf7 33.Qh4 Nxf6 34.
gxf6 Qb4 35.Qh6 Kxf6 36.Qh8+ Kf7 37.Qh7+ Ke8 38.Qg8+ Qf8 39.Qh7 a5 40.Qxc7
Qb4 41.Qb8+ Kf7 42.Qc7+ Qe7 43.Qxa5 e4 44.Qb6 1/2-1/2

[Event "EU-chT Seniors 04th"]
[Site "Dresden"]
[Date "2002.02.27"]
[Round "4.2"]
[White "Walke, Guenter"]
[Black "Schmidt, Gerhard"]
[Result "1/2-1/2"]
[WhiteElo "1773"]
[BlackElo "2219"]
[EventDate "2002.02.25"]
[PlyCount "39"]

1.d4 d5 2.e3 Nf6 3.Bd3 c6 4.f4 Bg4 5.Nf3 e6 6.O-O Ne4 7.Qe1 Bxf3 8.Rxf3 f5
9.b3 Nd7 10.c4 Qf6 11.Na3 Bd6 12.Nc2 g5 13.Ba3 Bxa3 14.Nxa3 gxf4 15.Qb4 
fxe3 16.cxd5 exd5 17.Nc2 O-O-O 18.Raf1 Qd6 19.Qxd6 Nxd6 20.Nxe3 1/2-1/2

[Event "EU-chT Seniors 04th"]
[Site "Dresden"]
[Date "2002.02.27"]
[Round "4.2"]
[White "Werchan, Hans"]
[Black "Richardson, Keith B"]
[Result "0-1"]
[WhiteElo "2139"]
[BlackElo "2208"]
[EventDate "2002.02.25"]
[PlyCount "70"]

1.Nf3 g6 2.d4 Bg7 3.c4 Nf6 4.Nc3 O-O 5.e4 d6 6.Be2 e5 7.O-O Nc6 8.d5 Ne7 
9.Ne1 Nd7 10.Nd3 f5 11.f3 f4 12.b4 Nf6 13.Bd2 g5 14.c5 Ng6 15.Be1 Rf7 16.
Qb3 Bf8 17.Bf2 g4 18.Rfc1 g3 19.hxg3 fxg3 20.Be3 Ng4 21.fxg4 Qh4 22.Bf3 
Bh6 23.Bxh6 Qh2+ 24.Kf1 Rxf3+ 25.Ke1 Qxg2 26.Ne2 Qh1+ 27.Kd2 Qxh6+ 28.Kc2 
Re3 29.Re1 Bxg4 30.Ng1 Rf8 31.Rxe3 Qxe3 32.Re1 Rf2+ 33.Kb1 Qd4 34.cxd6 
cxd6 35.Nb2 g2 0-1